01577cam a2200229 i 4500001001300000005001700013008004100030020001500071035005700086040004400143041000800187060000800195245006500203260005500268300005000323520079600373546002001169650005801189650003501247650004701282700001801329ocn88068536220180601164027.0130625s2013 enkac frb 001 0 eng d a0199652678 a(OCoLC)880685362z(OCoLC)850177963z(OCoLC)877675922 aCo-BoUCMbspacSaul NiñodSaul Niño0 aeng10aW1800aOxford textbook of medical educationcedited by Kieran Walsh aOxford (Inglaterra)bOxford University Pressc2013 axxvii, 746 páginasbilustraciones, retratos aProviding a comprehensive and evidence-based reference guide for those who have a strong and scholarly interest in medical education, the Oxford Textbook of Medical Education contains everything the medical educator needs to know in order to deliver the knowledge, skills, and behaviour that doctors need. The book explicitly states what constitutes best practice and gives an account of the evidence base that corroborates this. Describing the theoretical educational principles that lay the foundations of best practice in medical education, the book gives readers a through grounding in all aspects of this discipline. Contributors to this book come from a variety of different backgrounds, disciplines and locations, producing a book that is truly original and international.--Publisher. aTexto en ingles 7aEducación médica vGuíasxEstudio y enseñanza 7aMedicina alternativa vGuías 7aMédicos vGuíasxEstudio y enseñanza1 aWalsh, Kieran